00690nam a2200169Ia 4500001000700000008004100007020001800048082001400066245012500080260002400205300001400229500015000243503001400393650002500407650002800432700006000460Z_6334220601s9999 xx 000 0 und d a84-200-0232-1 a636.3 B99 aCria explotacion y enfermedades de los ovejas / T. L. Bywater y W. T. Rowlands ; traductor Guillermo Aparicio Sánchez aEspaña : Acribia ax, 250 p. aTraduccion de : sheep breeding and management (del boletin no. 166, edición de 1967). disease of sheep (del boletin no. 170, edición de 1966) aej.1: s/n a1. Ovejas -- Cría  aOvejas -- Enfermedades  aRowlands, W. T. \ Sanchez, Guillermo Aparicio, tr.Ì